LEADER 01248nam2-2200385li-450 001 990000235390203316 005 20180312154828.0 010 $a88-7088-214-4 035 $a0023539 035 $aUSA010023539 035 $a(ALEPH)000023539USA01 035 $a0023539 100 $a20001109d1989----km-y0itay0103----ba 101 0 $aita 102 $aIT 200 1 $aIndagini semantiche sulle logiche intermedie proposizionali$fPier Luigi Minari 210 $aNapoli$cBibliopolis$dcopyr. 1989 215 $aXXV, 223 p.$cill.$d23 cm 225 2 $aStudi di logica e fondamenti dellamatematica$v0 410 0$10010023540$12001$aStudi di logica e fondamenti dellamatematica$fa cura di Ettore Casari 610 1 $alogica 610 1 $asemantica 676 $a14994$9. 700 1$aMinari,$bPier Luigi$0747089 801 $aSistema bibliotecario di Ateneo dell' Università di Salerno$gRICA 912 $a990000235390203316 951 $a149.94 MIN (A)$b0012869 959 $aBK 969 $aSCI 979 $c19920428 979 $c20001110$lUSA01$h1715 979 $c20020403$lUSA01$h1631 979 $aPATRY$b90$c20040406$lUSA01$h1617 996 $aIndagini semantiche sulle logiche intermedie proposizionali$91492053 997 $aUNISA LEADER 00721nam0-22002651i-450 001 990005309710403321 005 20251127095840.0 035 $a000530971 035 $aFED01000530971 035 $a(Aleph)000530971FED01 035 $a000530971 100 $a19990530d1966----km-y0itay50------ba 101 0 $aita 105 $af-------00--- 200 1 $aVase Painting$fA.D. Trandall 210 $cThe British Museum$d1966 215 $a32 p., 18 tav.$e1 tav. rip.$d22 cm 700 1$aTrendall,$bArthur Dale$0214760 801 0$aIT$bUNINA$gRICA$2UNIMARC 901 $aBK 912 $a990005309710403321 952 $aARCH. V 123 8$bARCH. 13139$fFLFBC 959 $aFLFBC 996 $aVase Painting$9598015 997 $aUNINA